Monty Python's Life of Brian: Brian's Tid Bits Quiz Stats

 Plays Quiz not verified by Sporcle

Also try: Elephants On Film
Challenge
Share
Tweet
Score 0/10 Timer 04:00
0 Plays Today
Food for Sale % Correct
Otters' noses
62.7%
Larks' tongues
56.9%
Ocelot spleens
54.9%
Badgers' spleens
52.9%
Wrens' livers
49%
Wolf nipple chips (Get 'em while they're hot. They're lovely.)
49%
Jaguars' earlobes
45.1%
Chaffinch brains
35.3%
Tuscany fried bats
27.5%
Dromedary pretzels (only half a denar)
25.5%

You're not logged in!

Compare scores with friends on all Sporcle quizzes.
OR
Log In

You Might Also Like...

Show Comments

Extras

Created Mar 18, 2017ReportNominate
Tags:Monty Python Quiz

Top Quizzes Today


Score Distribution

Your Account Isn't Verified!

In order to create a playlist on Sporcle, you need to verify the email address you used during registration. Go to your Sporcle Settings to finish the process.

Report this User

Report this user for behavior that violates our Community Guidelines.

Details: